000 00651cam a22002053a 4500
001 39250
003 PGUSA
005 20140828083855.0
008 120325s2012||||xxu|||||s|||||000 | eng d
040 _aPGUSA
_beng
042 _adc
100 1 _aGuerber, H. A.
_q(Hélène Adeline),
_d1859-1929
245 1 0 _aMyths of Greece and Rome :
_bNarrated with Special Reference to Literature and Art
_h[electronic resource] /
_cH. A. Guerber
260 _bProject Gutenberg,
_c2012
506 _aPublic domain in the USA.
516 _aElectronic text
830 0 _aProject Gutenberg
_v39250
856 4 0 _uhttp://www.gutenberg.org/ebooks/39250
942 _cEB
999 _c268503
_d268503